| 000 | 00709nam a2200217 a 4500 | ||
|---|---|---|---|
| 001 | 000019115 | ||
| 005 | 20240513095116.0 | ||
| 008 | 100525s1975 pr 000 0 spa d | ||
| 040 |
_aDO-SdBNP _bspa _cBNPHU |
||
| 082 |
_a200 _bA425s |
||
| 100 | 1 |
_aAllen, Charles L., _941133 |
|
| 240 | 1 | 0 |
_aGod´s psychiatry. _lEspañol. |
| 245 | 1 | 3 |
_aLa siquiatria de Dios / _cCharles L. Allen ; traducción de M. Francisco Liévano R. |
| 260 |
_aPuerto Rico : _bBetania, _c1975. |
||
| 300 |
_a172, [4] p. : _bil. ; _c18 cm. |
||
| 534 |
_pTítulo original en inglés: _tGod´s psychiatry. _c1953 |
||
| 650 | 0 |
_aReligión _91906 |
|
| 650 | 4 |
_aDios _91305 |
|
| 700 | 1 |
_aLiévano R., M. Francisco, _etr. _941134 |
|
| 049 | _aBNGR | ||
| 999 |
_c18633 _d18633 |
||